Statistiques concernant Hakuna Matata - Le roi lion [Paroles Entières]

Cliquez ici pour prendre le quiz!

Statistiques générales

  • Ce quiz a été pris 1 489 fois
  • Le résultat moyen est 216 sur 336

Statistiques - réponses

HintRéponse% Correct
| Ensemble | Pumbaa | +4 othersHakuna
100%
Matata,
100%
Matata ?
100%
Matata !
100%
Ce
99%
Que
99%
que
99%
Qu'est-ce
99%
qu'est-ce
99%
PumbaaA
98%
a
98%
Au
98%
si
98%
aucun
97%
Ensemble | Timon & Pumbaa | Timon & SimbaSans
97%
souci,
97%
ta
97%
PumbaaTu
97%
tu
97%
vie,
97%
vie :
97%
Philosophie,
96%
Quel
96%
ces
95%
Simba | TimonCes
95%
fantastique !
94%
mots
94%
qu'elle
94%
quelle
94%
magnifique !
93%
mais
93%
Mais
93%
vivras
93%
phrase
92%
signifient
90%
chant
89%
le
89%
SimbaDe
83%
de
83%
je
82%
Pumbaa | TimonJe
82%
je...
82%
Pumbaa | TimonUn
82%
un
82%
la
77%
les
77%
et
74%
SimbaEt
74%
Pas
74%
pas
74%
phacochère !
73%
il
72%
Il
72%
peu
71%
te
71%
Pumbaa,
70%
Pumbaa
70%
son
70%
TimonUne
69%
une
69%
c'est ?
68%
Pumbaa | Simba | TimonC'est
68%
c'est
68%
enfants !
67%
jeune
67%
odeur
67%
devant
66%
jour,
66%
mon
66%
qui
66%
ça
65%
Ça
65%
TimonNon
65%
non !
65%
TimonNon !
65%
par
65%
Quand
65%
sentir !
65%
sentir
65%
SimbaVous
65%
vous
65%
chaque
64%
fois
64%
dis ?
63%
PumbaaJ'étais
63%
plus
63%
horreur,
61%
horreur !
61%
lieu
61%
oui,
60%
très
60%
TimonBel
59%
fleur,
59%
personne
59%
Peut
59%
tout
59%
tout :
59%
âme !
57%
dans
57%
Disgrâce
57%
cochon,
56%
comprit
56%
SimbaOh,
56%
Pumbaa | TimonOh !
56%
petit
56%
petit,
56%
petit !
56%
y
56%
SimbaY
56%
infâme !
55%
poète
55%
appétissant !
54%
cœurs !
54%
gluant
54%
PumbaaMerci !
54%
Pardon !
54%
veau !
54%
organe !
53%
sommeille !
53%
tempête
53%
quoi
52%
martyr,
51%
PumbaaBien
50%
bien :
50%
bien
50%
vieux
50%
Chante
49%
crado !
49%
déclenche
49%
des
48%
Soulevait
47%
va
47%
nous
46%
nous !
46%
tous
46%
credo
45%
credo ?
45%
notre
45%
soucis !
45%
PumbaaInonde
44%
tes
44%
vrai !
43%
larve
42%
pour
42%
problèmes !
42%
dire
39%
Pumbaa | TimonOuais,
38%
on
37%
avec
36%
deux
36%
du
36%
ici ?
36%
arrête !
35%
moi
35%
comme
34%
exemple,
34%
vivez
33%
t'en
32%
vraie
32%
règleront
31%
aime !
30%
chez
30%
falloir
30%
TimonHum,
29%
PumbaaJ'ai
29%
Timon (dialogues)Bienvenue
28%
éléphant !
28%
grasse !
28%
l'antilope ?
28%
Voilà !
28%
dépend
27%
Eh,
27%
faut
27%
humble
27%
jours !
27%
mal
27%
vis
27%
TimonBen
26%
ben,
26%
Ecoute
26%
faire !
26%
pourrais
26%
alors
25%
l'hippo' ?
25%
sont
25%
Tiens,
25%
avaler
24%
bonne
24%
larves !
24%
TimonPitié,
23%
pue
23%
creux !
22%
dirait
22%
TimonElles
22%
stock
22%
vais
22%
délicieux,
21%
drame !
21%
épuisé
21%
laisser
21%
mieux
21%
n'est
21%
d'éléphants !
20%
coin
19%
TimonParfum
19%
t'adapter !
19%
finiras
18%
Merveilleux !
18%
crémeuse !
17%
fastoche,
17%
petite
17%
potée
17%
responsabilités
17%
t'habituer !
17%
craquantes !
16%
fesses
16%
lois,
15%
d'infâme !
14%
fraîches,
14%
Moelleuses,
13%
Ouh,
7%

Distribution des résultats

Percentile par nombre de réponses

% des personnes avec chaque résultat

Votre développement - résultats

Vous n’avez pas pris ce quiz